Postaw na milion 227 - Statystyki

Ogólne statystyki
  • Ten quiz został rozwiązany 25 razy
  • Średni wynik to 8 z 12
Statystyki odpowiedzi
Zagadnienie Odpowiedź % Poprawnych
Stolicą Turcji jest: Ankara
96%
Na kortach Wimbledonu tenisiści walczą o puchar a tenisistki o... talerz
87%
Bogusław Linda, jako Franz Maurer w Psach na pytanie dlaczego odeszła od niego żona, odpowiedział: -Bo... to zła kobieta była
87%
"Mało nas, mało nas, do pieczenia..." czego ? chleba
83%
Która z tych słynnych figur Chrystusa jest wyższa, nie licząc cokołu ? w Świebodzinie
78%
Na Spitsbergenie zbudowano skarbiec umieszczony w tunelu wydrążonym w wiecznej zmarzlinie. Co się tam przechowuje? nasiona roślin z całego świata
74%
Jaka nielegalną działalnościa zajmował się Konik w PRLu? sprzedażą biletów na imprezy
70%
Dyfteryt to inaczej błonica
52%
Fryzura Czarodziejki z Księżyca, bohaterki japońskich Komiksów i filmów animowanych nosi nazwę odango
43%
W Stanach Zjednoczonych znajduje się jeden pałac, który w czasach historycznych był rezydencja suwerennego króla. Gdzie? w Honolulu
39%
Portal Morizon.pl ogłosił ranking polskich miast najlepszych dla rowerzystów w 2018 roku. Pierwsze miejsce zajęła Warszawa a drugie? Lublin
30%
CBOS spytał Polakow jaki minimalny dochód miesięczny na osobę w rodzinie uprawnia do nazywania się bogatym. Największa grupa odpowiedziała, że od 10000 do 14900zł
30%
Nie znaleziono quizów pasujących do podanych kryteriów
Rozkład punktacji
Procent ludzi z każdym wynikiem
Percentyl według liczby udzielonych odpowiedzi
Twoja historia wyników
Nie rozwiązałeś tego quizu